Datum a čas kvízu
31
Celkem bodů
Celkový počet nahraných bodů na tomto kvízu bez doplňovacích otázek.
6.
Pořadí na kvízu
Konečné umístění týmu na tomto kvízu.
Zaznamenané odpovědi
| # | Otázka | Odpověď | Body | Výsledky |
|---|---|---|---|---|
| 1. | Centrum pro výzkum veřejného m... | 0 | ||
| 2. | Polská policie musela ve střed... | 1 | ||
| 3. | Ještě nikdy ve své historii ne... | 1 | ||
| 4. | Společnost Apple využije k vyl... | 0 | ||
| 5. | Jak se jmenuje tým, který vyřa... | 1 | ||
| 6. | Také se Vám někdy stane, že v... | 0 | ||
| 7. | Napište slovo s českým slovním... | 0 | ||
| 8. | V zimě často slyšíme, že silni... | 0 | ||
| 9. | Pojmenujte česky slovo bilater... | 1 | ||
| 10. | Kdo hledí pouze na prospěch, t... | 1 |